000 00451nam a2200181Ia 4500
008 230524s9999 xx 000 0 und d
020 _a9789380026671
082 _a621
_bKIS
100 _aK.Lal Kishore
_943003
245 0 _aVLSI Design
250 _a1
260 _aNew Delhi
_bI.K.International
_c2013
300 _a"XVIII,389p;"
500 _aQuantity Number: 1
650 _aElectronics
700 _aV.S.V. Prabhakar
_943004
942 _cBK
999 _c57950
_d57950